000 01088pam a2200313 a 4500
001 2980
005 20240126153350.0
020 _a9781572550278
040 _aDLC
_cDLC
_dDLC
_beng
050 0 0 _aPZ7.M47817
082 0 0 _a741.642
100 1 _aMazzone, Kelly
245 1 2 _aA house for Hickory /
_cwritten by Kelly Mazzone ; illustrated by Pat Reynolds.
250 _aFirst published in the United States of America in 1995
260 _aNew York :
_bMondo Publishing ,
_c1988
300 _a16 pages :
_bcolor illustrations ;
_c21 cm .
500 _a"Originally published in Australia in 1988"--Verso t.p.
505 _aJ
520 _aLift-up flaps reveal the various possibilities, as Hickory the mouse goes in search of a new house.
521 _a500
_bLexile
521 _aJ
_bRaz-Plus
650 0 _aToy and movable books
_vSpecimens.
650 1 _aMice
_vFiction.
650 1 _aDwellings
_vFiction.
650 1 _aToy and movable books.
700 1 _aReynolds, Pat
_eillustrator
906 _a7
_bcbc
_corignew
_d1
_eocip
_f19
_gy-gencatlg
942 _2ddc
_cBK
_n0
999 _c2980
_d2980